Wszystkie Utwory Zespołu Kaliber 44 - Statystyki

Ogólne statystyki
  • Ten quiz został rozwiązany 250 razy
  • Średni wynik to 22 z 62
Statystyki odpowiedzi
Nazwa Płyty Nazwa Utworu % Poprawnych
Księga tajemnicza. Prolog Plus i minus
90%
W 63 minuty dookoła świata Gruby czarny kot przebiegł nam drogę, a ch** mu w du**, nawet 13 w piątek
74%
W 63 minuty dookoła świata Psy
74%
Księga tajemnicza. Prolog Psychodela
68%
W 63 minuty dookoła świata Film
66%
Księga tajemnicza. Prolog Usłysz mój głos
64%
Księga tajemnicza. Prolog Psychoza
62%
Ułamek tarcia Miłość (Skit)
60%
Księga tajemnicza. Prolog Nasze mózgi wypełnione są Marią
59%
3.44 Normalnie o tej porze
56%
3.44 Konfrontacje
55%
Księga tajemnicza. Prolog Moja obawa (Bądź, a klęknę)
54%
3.44 Cztery
52%
Księga tajemnicza. Prolog Do boju zakon Marii
52%
Księga tajemnicza. Prolog Wejście
52%
3.44 Dwa
51%
3.44 Trzy
48%
Księga tajemnicza. Prolog Brat Nie Ma Już Miłości Dla Mnie
46%
Księga tajemnicza. Prolog Więcej szmalu 2
46%
Księga tajemnicza. Prolog Bierz mój miecz i masz
45%
3.44 Baku, Baku to jest skład
44%
3.44 Jeden
44%
W 63 minuty dookoła świata C.Z.K
41%
3.44 Wena
41%
W 63 minuty dookoła świata Dziedzina
39%
Księga tajemnicza. Prolog Bez wyjścia
38%
Księga tajemnicza. Prolog To czyni mnie innym od was wszystkich
38%
W 63 minuty dookoła świata Kontem O.K
36%
W 63 minuty dookoła świata Abradabbabra
34%
3.44 Litery
32%
W 63 minuty dookoła świata Międzymiastowa
32%
W 63 minuty dookoła świata Może tak, może nie - Kobi RMX
32%
W 63 minuty dookoła świata Drugi kot
31%
W 63 minuty dookoła świata Suczka
31%
3.44 Masz albo myślisz o nich aż
30%
W 63 minuty dookoła świata Może tak, może nie
30%
W 63 minuty dookoła świata Pierwszy kot
30%
3.44 Rutyny
30%
W 63 minuty dookoła świata D.J Feel-X
29%
Ułamek tarcia Intro - wdech
28%
3.44 Takie jakie jest
27%
3.44 Co robisz
24%
Ułamek tarcia (Why Is It) fresh
24%
W 63 minuty dookoła świata Dziękuję moim MC
23%
W 63 minuty dookoła świata Jeszcze więcej MC
23%
Ułamek tarcia Nieodwracalne zmiany
23%
3.44 Baku Baku ciężkie jest jak cut
21%
Ułamek tarcia Outro - wydech
19%
W 63 minuty dookoła świata 00.22
17%
Ułamek tarcia Kung fu
15%
Ułamek tarcia Rok podniesionych w górę rąk
13%
Ułamek tarcia Historia
12%
Ułamek tarcia Razowy
12%
Ułamek tarcia Bogusław Linda
11%
Ułamek tarcia Superstary
11%
Ułamek tarcia Towarzystwo
11%
Ułamek tarcia Bounce (Skit)
10%
Ułamek tarcia Goń
10%
Ułamek tarcia Boogie (Skit)
9%
Ułamek tarcia Czerkaptur
9%
Ułamek tarcia Pewniak
9%
Ułamek tarcia Piosenka skit
9%
Nie znaleziono quizów pasujących do podanych kryteriów
Rozkład punktacji
Procent ludzi z każdym wynikiem
Percentyl według liczby udzielonych odpowiedzi
Twoja historia wyników
Nie rozwiązałeś tego quizu